PL/SQL Oracle

Đã lưu trong:
Bibliografiske detaljer
Hovedforfatter: Nguyễn, Ngọc Minh
Format: Bog
Sprog:Undetermined
Udgivet: Thành phố Hồ Chí Minh Thống kê 2006
Fag:
Tags: Tilføj Tag
Ingen Tags, Vær først til at tagge denne postø!
Thư viện lưu trữ: Trung tâm Học liệu Trường Đại học Cần Thơ
LEADER 00588nam a2200205Ia 4500
001 CTU_101409
008 210402s9999 xx 000 0 und d
020 |c 69000 
082 |a 005.7585 
082 |b M312/T.2 
100 |a Nguyễn, Ngọc Minh 
245 0 |a PL/SQL Oracle 
245 0 |c Nguyễn Ngọc Minh 
260 |a Thành phố Hồ Chí Minh 
260 |b Thống kê 
260 |c 2006 
650 |a Database management,Oracle ( computer programs ) 
650 |x Computer programs 
904 |i Minh 
980 |a Trung tâm Học liệu Trường Đại học Cần Thơ